00621nam a2200217Ia 4500003000400000005001700004008004100021020001800062040000700080041000800087082002200095100002600117245001500143260003600158300001200194650002800206906001700234942001200251999001900263952012100282OSt20230418113506.0210423s2005 xx 000 0 und d a0-7499-3570-7 cAL aeng a813.54 223bROBB aROBERTS (Nora)989894 aBlack rose aLondonbPiatkus Books Ltdc2005 a355bPB aAmerican Fiction989895 aBlack ; rose 2ddccBK c170021d170021 001040708GENaSACPGbSACPGd2019-03-25l1o813.54 ROBBpPG016523r2026-01-05 12:19:05s2025-12-18w2021-04-26yBK